000 00627nam a22002295i 4500
001 13594
003 ES-MaACL
005 20230906150622.0
007 t|
008 931118s1993 sp ||||0| spa j
020 _a84-86217-56-3
040 _aM-BN
_bspa
_cM-BN
080 _a860-22"19"
100 1 _aBonmatí Bonmatí, Plácido.
_930209
245 1 0 _aElena Demuth /
_cPlácido Bonmatí.
260 _aMadrid :
_bJ. García Verdugo,
_cD.L. 1993.
300 _a68 p. ;
_c18 cm.
490 1 _aLa avispa ;
_v42
830 0 _aLa avispa ;
_v42
_9179650
852 _aES-MaACL
_jL-20988
_bR.122573
999 _c13594
_d13594